Sea change in liner shipping : regulation and managerial decision-making in a global industry /

Bibliographic Details
Main Author: Brooks, Mary R.
Format: Book
Language:English
Published: Amsterdam ; Oxford : Pergamon, 2000.
Subjects:

MARC

Tag First Indicator Second Indicator Subfields
LEADER 00000cam a2200000 a 4500
001 in00001550310
005 20151022062140.0
008 000623s2000 enka 001 0 eng d
015 |a GBA0-30627 
020 |a 0080434282 
035 |a (OCoLC)ocm44534297 
040 |a UKM  |c UKM  |d TXA  |d UtOrBLW 
049 |a TXAM 
082 0 4 |a 387.544068  |2 21 
090 |a HE735  |b .B76 2000 
100 1 |a Brooks, Mary R. 
245 1 0 |a Sea change in liner shipping :  |b regulation and managerial decision-making in a global industry /  |c Mary Brooks. 
264 1 |a Amsterdam ;  |a Oxford :  |b Pergamon,  |c 2000. 
300 |a xvi, 289 pages :  |b illustrations ;  |c 24 cm. 
336 |a text  |b txt  |2 rdacontent 
337 |a unmediated  |b n  |2 rdamedia 
338 |a volume  |b nc  |2 rdacarrier 
504 |a Includes bibliographical references and index. 
650 0 |a Shipping  |x Management. 
650 0 |a Merchant marine  |x Management. 
994 |a E0  |b TXA 
948 |a cataloged  |b h  |c 2000/7/31  |d c  |e blrosas  |f 9:17:02 am 
999 |a MARS 
999 f f |s ce2192d0-851c-3001-b523-15fbf2b9dc69  |i 2432f637-c115-300a-8870-5527354eee59  |t 0 
952 f f |p ric  |a Texas A&M University  |b Rellis Campus  |c Joint Library Facility  |d Remote Storage  |t 0  |e HE735 .B76 2000  |h Library of Congress classification  |i unmediated -- volume  |m A14825482410 
998 f f |a HE735 .B76 2000  |t 0  |l Remote Storage